Les principales places de sûreté protestantes en France - Statistiques

Statistiques générales
  • Ce quiz a été pris 23 fois
  • Le résultat moyen est 19 sur 52
Statistiques - réponses
Département Ville % Correct
17 L La Rochelle
89%
05 G Gap
68%
34 M Montpellier
68%
79 N Niort
63%
07 P Privas
63%
05 B Briançon
58%
09 F Foix
58%
38 G Grenoble
58%
30 A Alès
53%
24 B Bergerac
53%
63 I Issoire
53%
82 M Montauban
53%
40 M Mont-de-Marsan
53%
24 P Périgueux
53%
16 C Cognac
47%
05 E Embrun
47%
26 M Montélimar
47%
85 F Fontenay-le-Comte
42%
34 L Lunel
42%
12 M Millau
42%
17 R Royan
42%
49 S Saumur
42%
91 D Dourdan
37%
78 M Mantes-la-Jolie
37%
26 N Nyons
37%
79 T Thouars
37%
30 U Uzès
37%
50 V Valognes
37%
44 B Blain
32%
81 C Castres
32%
64 O Orthez
32%
17 S Saint-Jean-d'Angély
32%
30 B Beaucaire
26%
86 C Châtellerault
26%
46 F Figeac
26%
86 L Loudun
26%
47 N Nérac
26%
64 O Oloron-Sainte-Marie
26%
56 P Pontivy
26%
79 S Saint-Maixent
26%
45 S Sully
21%
85 T Talmont-Saint-Hilaire
21%
30 A Aigues-Mortes
16%
50 C Carentan
16%
47 T Tonneins
16%
30 B Bagnols-sur-Cèze
11%
49 B Beaufort
11%
34 C Clermont-l'Hérault
11%
34 G Gignac
11%
30 S Sommières
11%
30 A Aimargues
5%
26 L Livron
0%
Aucun quiz correspondant
Distribution des résultats
% des personnes avec chaque résultat
Percentile par nombre de réponses
Votre historique - résultats
Vous n’avez pas pris ce quiz